Zmeny v manažérskych funkciách v kontexte štvrtej priemyselnej revolúcie

Štvrtá priemyselná revolúcia. Technologické trendy Industry 4.0. Manažérske funkcie. Zmeny v oblasti manažérskych funkcií spôsobené rastúcim vplyvom štvrtej priemyselnej revolúcie.

Saved in:
Bibliographic Details
Main Author: Puhovichová, Diana, 1994-
Other Authors: Jankelová, Nadežda, 1966-
Format: Book Chapter
Language:Slovak
Subjects:
Tags: Add Tag
No Tags, Be the first to tag this record!

MARC

LEADER 00000naa$a2200000$$$4500
001 0260139
005 20240502074120.2
041 0 |a slo 
044 |a SK 
245 1 0 |a Zmeny v manažérskych funkciách v kontexte štvrtej priemyselnej revolúcie  |c Diana Puhovichová, Nadežda Jankelová 
520 |a Štvrtá priemyselná revolúcia. Technologické trendy Industry 4.0. Manažérske funkcie. Zmeny v oblasti manažérskych funkcií spôsobené rastúcim vplyvom štvrtej priemyselnej revolúcie. 
610 2 0 |a revolúcia priemyselná 
610 2 0 |a manažéri 
610 2 0 |a manažment 
610 2 0 |a vedenie ľudí 
610 2 0 |a plánovanie 
610 2 0 |a kontrola 
610 2 0 |a organizácia 
610 2 0 |a riadenie ľudských zdrojov 
100 1 |a Puhovichová, Diana, 1994- 
700 1 |a Jankelová, Nadežda, 1966-